Estudio de la dinámica de la transmisión oral = Study of ral transmission dynamic /

Uloženo v:
Podrobná bibliografie
Hlavní autor: Esquenazi Pérez, Martha
Médium: Text
Tagy: Přidat tag
Žádné tagy, Buďte první, kdo vytvoří štítek k tomuto záznamu!

MARC

LEADER 00000 a a2200000 04500
001 47075
003
040
090 |a REV0862 143(I)2014  
100 |a Esquenazi Pérez, Martha  
245 |a Estudio de la dinámica de la transmisión oral =   |b Study of ral transmission dynamic /  |c Martha Esquenazi Pérez  
773 |g volumen143, número1, (2014), páginas 57-74  
999 |c 30936  |d 30936 
773 0 |0 18728  |9 3010  |a Universidad de Costa Rica  |d San José, Costa Rica Editorial UCR 1956-  |o 16462  |t Revista de Ciencias Sociales/  |x 04825276